000 00492nam a2200169 i 4500
001 56085
003 ES-MaACL
005 20230906163259.0
007 t|
008 031002s1981 sp ||||1| spa d
100 1 _aDíaz-Plaja, Fernando,
_d1918-2012
_944396
245 1 3 _aLa guerra civil y los poetas españoles /
_cFernando Díaz-Plaja.
260 _aMadrid :
_bSan Martín,
_c[1981]
300 _a283 p. ;
_c21 cm.
852 _aES-MaACL
_jL-2292
_bR.10275
999 _c56085
_d56085